Teoría y técnica del cuento
Uloženo v:
| Hlavní autor: | |
|---|---|
| Médium: | Kniha |
| Jazyk: | španělština |
| Vydáno: |
Barcelona
Ariel
1991
|
| Edice: | Letras e ideas
|
| Témata: | |
| Tagy: |
Přidat tag
Žádné tagy, Buďte první, kdo vytvoří štítek k tomuto záznamu!
|
MARC
| LEADER | 00000nam a2200000 a 4500 | ||
|---|---|---|---|
| 001 | UCX6793 | ||
| 003 | CL-VaPUC | ||
| 008 | 930818e19910000SP |||||||||||||||||spa|d | ||
| 082 | 0 | 4 | |a 809.3 |b AND |2 21 |
| 100 | 0 | |a Anderson Imbert, Enrique |e author |9 323444 | |
| 245 | 1 | 0 | |a Teoría y técnica del cuento |
| 300 | |a 283 p | ||
| 942 | |c BK | ||
| 945 | |d 19930818 00:00:00 |a rbrito | ||
| 260 | |a Barcelona |b Ariel |c 1991 | ||
| 650 | 0 | |a Cuento |9 316426 | |
| 650 | 0 | |a Crítica literaria |9 269189 | |
| 583 | |a last modification |c 19930818 00:00:00 |k Rodrigo Vera | ||
| 490 | 0 | |a Letras e ideas | |
| 999 | |c 226753 |d 226751 | ||
| 952 | |0 0 |1 0 |4 0 |6 809_300000000000000_AND_1991 |7 0 |8 A |9 225336 |a BIBEDU |b BIBEDU |d 2019-11-15 |i 294037K |o 809.3 AND 1991 |p 294037K |r 2019-11-15 |w 2019-11-15 |y BK |k LIT | ||
| 952 | |0 0 |1 0 |4 0 |6 809_300000000000000_AND_1991 |7 0 |8 A |9 225337 |a BIBEDU |b BIBEDU |d 2019-11-15 |i 3095932 |o 809.3 AND 1991 |p 3095932 |r 2019-11-15 |w 2019-11-15 |y BK |k EPE | ||